[Event "Quebec-ch U20"]
[Site "Montreal CAN"]
[Date "1988.03.04"]
[Round "3"]
[White "Bergeron, Steeve"]
[Black "Lesiege, Alexandre"]
[Result "0-1"]
[WhiteElo "1734"]
[BlackElo "2094"]
[WhiteFideId "-1"]
[WhiteFideId "-1"]
[PlyCount "94"]
[GameId "2160767912586516"]
[EventDate "1988.03.03"]
[EventType "tourn"]
[EventRounds "7"]
[EventCountry "CAN"]
[SourceTitle "hb 2014"]

1. e4 c5 2. Nf3 d6 3. d4 cxd4 4. Nxd4 Nf6 5. Nc3 g6 6. f3 Bg7 7. Be3 O-O 8. Bc4 Nc6 9. Qd2 Bd7 10. Bb3 Nxd4 11. Bxd4 b5 12. Nd5 Nxd5 13. Bxg7 Kxg7 14. Bxd5 Rc8 15. c3 Qb6 16. Bb3 a5 17. Qd4+ Qxd4 18. cxd4 a4 19. Bd1 Rc4 20. d5 f5 21. Be2 Rb4 22. O-O-O Rc8+ 23. Kb1 a3 24. b3 fxe4 25. fxe4 Rxe4 26. Bf3 Re3 27. Rhe1 Bf5+ 28. Ka1 Rxe1 29. Rxe1 Kf6 30. g4 Bd7 31. Kb1 Rc3 32. Rf1 Kg5 33. h3 h5 34. gxh5 Bf5+ 35. Ka1 gxh5 36. Be2 b4 37. h4+ Kxh4 38. Rf4+ Kg3 39. Rf3+ Rxf3 40. Bxf3 h4 41. Be4 Bg4 42. Bf5 h3 43. Be4 Bf3 44. Bd3 h2 45. Bb1 Bg2 46. Be4 h1=Q+ 47. Bb1 Qh8# 0-1

[Event "Quebec-ch U20"]
[Site "Montreal CAN"]
[Date "1988.03.05"]
[Round "4"]
[White "Lesiege, Alexandre"]
[Black "Cazelais, Marc"]
[Result "1/2-1/2"]
[WhiteElo "2094"]
[BlackElo "1907"]
[WhiteFideId "-1"]
[WhiteFideId "-1"]
[PlyCount "105"]
[GameId "2160767912586522"]
[EventDate "1988.03.03"]
[EventType "tourn"]
[EventRounds "7"]
[EventCountry "CAN"]
[SourceTitle "hb 2014"]

1. e4 c6 2. d4 d5 3. Nc3 dxe4 4. Nxe4 Nf6 5. Nxf6+ gxf6 6. Bf4 Bf5 7. Nf3 e6 8. Bd3 Bg6 9. Qd2 Bd6 10. Bg3 Qc7 11. O-O-O Nd7 12. Kb1 O-O-O 13. Rhe1 Bxg3 14. hxg3 Kb8 15. Qf4 Rhg8 16. Qxc7+ Kxc7 17. b3 Nb6 18. c4 Rge8 19. Kc2 Nc8 20. Kc3 Ne7 21. Nh2 h5 22. Nf3 Bxd3 23. Rxd3 Nf5 24. Re4 Rg8 25. Rf4 Rg4 26. Nd2 Rdg8 27. Rdf3 b6 28. Rxf5 exf5 29. Rxf5 h4 30. Rxf6 R8g7 31. gxh4 Rxh4 32. g3 Rhg4 33. Nf3 R4g6 34. Rf4 Rg4 35. Rf5 Re4 36. Ne5 Re2 37. a4 Rh7 38. g4 a5 39. d5 cxd5 40. cxd5 Rh3+ 41. f3 Rxe5 42. Rxe5 Rxf3+ 43. Kc2 Kd6 44. Rh5 f6 45. g5 fxg5 46. Rxg5 Rf6 47. Kd3 Rf3+ 48. Kc4 Rf4+ 49. Kc3 Rf3+ 50. Kb2 Rf6 51. Ka3 Kc5 52. Re5 Rd6 53. Rh5 1/2-1/2

[Event "Quebec-ch U20"]
[Site "Montreal CAN"]
[Date "1988.03.05"]
[Round "5"]
[White "Duong, Thanh Nha"]
[Black "Lesiege, Alexandre"]
[Result "1-0"]
[WhiteElo "2025"]
[BlackElo "2094"]
[WhiteFideId "-1"]
[WhiteFideId "-1"]
[PlyCount "58"]
[GameId "2160767912586526"]
[EventDate "1988.03.03"]
[EventType "tourn"]
[EventRounds "7"]
[EventCountry "CAN"]
[SourceTitle "EXT 2022"]
[Source "ChessBase"]
[SourceDate "2021.10.06"]
[SourceVersion "1"]
[SourceVersionDate "2021.10.06"]
[SourceQuality "1"]

1. e4 e5 2. Nf3 Nc6 3. d4 exd4 4. Nxd4 Nf6 5. Nxc6 bxc6 6. e5 Nd5 7. Bd3 d6 8. Qe2 Be7 9. O-O dxe5 10. Qxe5 O-O 11. Nd2 Bd6 12. Qe4 Nf6 13. Qh4 g6 14. Nf3 Be7 15. Bg5 Re8 16. Rfe1 Be6 17. Rad1 Nd7 18. Bc4 h6 19. Bxe7 Qxe7 20. Qxh6 Bxc4 21. Rxe7 Rxe7 22. Qh4 Rae8 23. Qxc4 Ne5 24. Nxe5 Rxe5 25. h3 R8e6 26. Rd8+ Kg7 27. Qh4 g5 28. Qh8+ Kg6 29. g4 Re8 1-0

[Event "Quebec-ch U20"]
[Site "Montreal CAN"]
[Date "1988.03.06"]
[Round "6"]
[White "Saint-Pierre, Benoit"]
[Black "Lesiege, Alexandre"]
[Result "0-1"]
[WhiteElo "1968"]
[BlackElo "2094"]
[WhiteFideId "-1"]
[WhiteFideId "-1"]
[PlyCount "66"]
[GameId "2160767912586531"]
[EventDate "1988.03.03"]
[EventType "tourn"]
[EventRounds "7"]
[EventCountry "CAN"]
[SourceTitle "EXT 2022"]
[Source "ChessBase"]
[SourceDate "2021.10.06"]
[SourceVersion "1"]
[SourceVersionDate "2021.10.06"]
[SourceQuality "1"]

1. d4 Nf6 2. c4 d6 3. Nc3 Nbd7 4. e4 e5 5. Nf3 g6 6. Be2 Bg7 7. d5 O-O 8. Bg5 h6 9. Bh4 g5 10. Bg3 Nh5 11. h4 Nf4 12. hxg5 hxg5 13. Qd2 Nc5 14. b4 Nd7 15. O-O-O a5 16. a3 axb4 17. axb4 Nb8 18. Kb2 Na6 19. Ra1 Rb8 20. Kb3 c6 21. Ne1 cxd5 22. cxd5 Bd7 23. Nc2 Qc7 24. Nb5 Qb6 25. Nca3 Rfc8 26. Rac1 Ra8 27. Rhd1 Rxc1 28. Rxc1 Nxe2 29. Qxe2 Nxb4 30. Kxb4 Qa5+ 31. Kb3 Bxb5 32. Nxb5 Qa4+ 33. Kc3 Rc8+ 0-1

[Event "Quebec-ch U20"]
[Site "Montreal CAN"]
[Date "1988.03.06"]
[Round "7"]
[White "Lesiege, Alexandre"]
[Black "Gagnon, Serge"]
[Result "1/2-1/2"]
[WhiteElo "2094"]
[BlackElo "1792"]
[WhiteFideId "-1"]
[WhiteFideId "-1"]
[PlyCount "79"]
[GameId "2160767912586535"]
[EventDate "1988.03.03"]
[EventType "tourn"]
[EventRounds "7"]
[EventCountry "CAN"]
[SourceTitle "hb 2014"]

1. e4 d6 2. d4 Nf6 3. Nc3 g6 4. Nf3 Bg7 5. Be2 O-O 6. O-O Nbd7 7. e5 Ne8 8. Bf4 c6 9. Re1 Nb6 10. h3 Nc7 11. exd6 exd6 12. Ne4 d5 13. Nc5 Ne6 14. Nxe6 Bxe6 15. Qd2 Nd7 16. Bh6 Nf6 17. Bxg7 Kxg7 18. Bd3 Nh5 19. Ng5 Qf6 20. Nxe6+ fxe6 21. Bf1 Rae8 22. Re5 Kg8 23. Rae1 Ng7 24. g3 Rf7 25. h4 Nf5 26. Bh3 Rfe7 27. c3 Kf7 28. Qe2 h5 29. Kg2 Kf8 30. Bxf5 exf5 31. Rxe7 Qxe7 32. Qxe7+ Rxe7 33. Rxe7 Kxe7 34. Kf3 Kf6 35. Kf4 a5 36. a4 b5 37. b3 Ke6 38. Kg5 Kf7 39. Kf4 Ke6 40. f3 1/2-1/2

[Event "Specialiste op"]
[Site "Montreal CAN"]
[Date "1988.01.??"]
[Round "?"]
[White "Leveille, Francois"]
[Black "Lesiege, Alexandre"]
[Result "0-1"]
[WhiteElo "2308"]
[BlackElo "2113"]
[WhiteFideId "-1"]
[WhiteFideId "-1"]
[PlyCount "80"]
[GameId "2160767912583302"]
[EventDate "1988.01.23"]
[EventType "swiss"]
[EventRounds "4"]
[EventCountry "CAN"]
[SourceTitle "Echec-o-roi #7"]

1. d4 Nf6 2. Nc3 d5 3. Bg5 c6 4. f3 Bf5 5. e4 dxe4 6. Bc4 exf3 7. Nxf3 e6 8. O-O Be7 9. Qe2 O-O 10. Kh1 Nbd7 11. Rae1 Nb6 12. Bb3 Nbd5 13. Ne5 Bg6 14. Nxg6 hxg6 15. Rf3 Qd7 16. Nd1 Rae8 17. Nf2 Nh5 18. Bd2 Bd6 19. Nd3 b5 20. Qf2 f5 21. Ne5 Bxe5 22. dxe5 Qe7 23. a3 Rf7 24. Bxd5 cxd5 25. Bb4 Qd7 26. Qh4 Qd8 27. Qd4 a5 28. Bc5 f4 29. Qd3 Qh4 30. Bf2 Qg4 31. Qxb5 Rc8 32. c3 Qf5 33. Qxa5 g5 34. Qa6 Rb8 35. Rh3 g4 36. Rxh5 Qxh5 37. Qxe6 g3 38. Bg1 f3 39. Rf1 Rxb2 40. Rxf3 Qxf3 0-1

[Event "Specialiste"]
[Site "Montreal CAN"]
[Date "1987.12.05"]
[Round "4"]
[White "Rousseau, Daniel"]
[Black "Lesiege, Alexandre"]
[Result "1-0"]
[WhiteElo "2000"]
[BlackElo "1900"]
[WhiteFideId "-1"]
[WhiteFideId "-1"]
[PlyCount "87"]
[GameId "2160767912583577"]
[EventDate "1987.12.05"]
[EventType "swiss"]
[EventRounds "4"]
[EventCountry "CAN"]
[SourceTitle "hb 2011"]

1. e4 e5 2. Nf3 Nc6 3. Bb5 a6 4. Ba4 Nf6 5. O-O Be7 6. Re1 b5 7. Bb3 d6 8. c3 O-O 9. h3 Na5 10. Bc2 c5 11. d4 Qc7 12. d5 Bd7 13. Nbd2 g6 14. Nf1 Nh5 15. Bh6 Rfe8 16. Ne3 Bf8 17. Bxf8 Rxf8 18. b3 Nf4 19. Qd2 Nb7 20. Kh2 f6 21. Ng1 Qc8 22. Bd1 c4 23. b4 a5 24. Bg4 axb4 25. cxb4 Nd3 26. Bxd7 Qxd7 27. Reb1 Ra4 28. Ne2 Rfa8 29. Nc3 Rxb4 30. Rxb4 Nxb4 31. a4 bxa4 32. Nxc4 Qc7 33. Ne3 Nc5 34. Ra3 Nb3 35. Nb5 Qc5 36. Qe2 Rb8 37. Qg4 Rf8 38. Qe6+ Kh8 39. Qe7 Kg8 40. Ng4 Qc8 41. Nxd6 Qb8 42. Rxa4 Nc2 43. Ra7 Qxa7 44. Nh6+ 1-0

[Event "Quebec op"]
[Site "Montreal CAN"]
[Date "1987.07.29"]
[Round "4"]
[White "Lesiege, Alexandre"]
[Black "Champetier, Serge"]
[Result "1-0"]
[WhiteElo "2054"]
[BlackElo "1896"]
[WhiteFideId "-1"]
[WhiteFideId "-1"]
[PlyCount "69"]
[GameId "2160767912583905"]
[EventDate "1987.07.26"]
[EventType "swiss"]
[EventRounds "8"]
[EventCountry "CAN"]
[SourceTitle "FQE 02"]

1. e4 c5 2. Nf3 Nc6 3. d4 cxd4 4. Nxd4 Nf6 5. Nc3 d6 6. Be2 e5 7. Nb3 Be7 8. O-O O-O 9. f4 a5 10. a4 Nb4 11. Kh1 Be6 12. f5 Bxb3 13. cxb3 d5 14. exd5 Nbxd5 15. Nxd5 Qxd5 16. Qxd5 Nxd5 17. Bf3 Rfd8 18. Bd2 e4 19. Bxe4 Nf6 20. Bg5 Rd7 21. Bf3 h6 22. Bf4 Rd3 23. Bxb7 Ra7 24. Rf3 Rd8 25. Bc6 Bb4 26. h3 Re7 27. Bb5 Ne4 28. Rc1 Nc5 29. f6 gxf6 30. Bxh6 Kh7 31. Bf4 Kg6 32. Rcf1 Ne6 33. Bc1 Bd2 34. Bd3+ Rxd3 35. Rxd3 1-0

[Event "Quebec op"]
[Site "Montreal CAN"]
[Date "1987.07.30"]
[Round "5"]
[White "Lesiege, Alexandre"]
[Black "Samson, Gaetan"]
[Result "1-0"]
[WhiteElo "2054"]
[BlackElo "1740"]
[WhiteFideId "-1"]
[WhiteFideId "-1"]
[PlyCount "51"]
[GameId "2160767912583933"]
[EventDate "1987.07.26"]
[EventType "swiss"]
[EventRounds "8"]
[EventCountry "CAN"]
[SourceTitle "FQE 02"]

1. e4 c5 2. Nf3 d6 3. d4 cxd4 4. Nxd4 Nf6 5. Nc3 a6 6. Be2 e6 7. O-O Qc7 8. a4 Nc6 9. Be3 Bd7 10. f4 Rc8 11. Nb3 Be7 12. a5 O-O 13. g4 Be8 14. g5 Nd7 15. Bd3 Nc5 16. f5 Nxd3 17. cxd3 Ne5 18. f6 Bd8 19. fxg7 Kxg7 20. Nd4 Qe7 21. Nd5 Qd7 22. Nf6 Bxf6 23. Rxf6 Rg8 24. Kh1 Kh8 25. Rh6 d5 26. Rxh7+ 1-0

[Event "Quebec op"]
[Site "Montreal CAN"]
[Date "1987.07.31"]
[Round "6"]
[White "Hebert, Jean"]
[Black "Lesiege, Alexandre"]
[Result "1-0"]
[WhiteElo "2380"]
[BlackElo "2069"]
[WhiteFideId "-1"]
[WhiteFideId "-1"]
[PlyCount "81"]
[GameId "2160767912583957"]
[EventDate "1987.07.26"]
[EventType "swiss"]
[EventRounds "8"]
[EventCountry "CAN"]
[SourceTitle "FQE 03"]

1. d4 Nf6 2. c4 g6 3. Nc3 Bg7 4. e4 d6 5. Be2 O-O 6. g4 c6 7. g5 Nfd7 8. h4 e5 9. d5 cxd5 10. cxd5 a5 11. Be3 Na6 12. Nf3 Nac5 13. Nd2 Re8 14. Nc4 Bf8 15. Qc2 Nb6 16. Nd2 Bd7 17. b3 Rc8 18. Rb1 Be7 19. Nc4 Nxc4 20. bxc4 Rb8 21. Kd2 h5 22. Rhg1 Kg7 23. Rg3 Rh8 24. f4 Qc7 25. Qb2 b6 26. Rf1 Be8 27. fxe5 dxe5 28. Rgf3 Kg8 29. Bg1 Rh7 30. Bh2 Bd7 31. Re3 Bd6 32. Rf6 Re8 33. Bf1 Re7 34. Nb5 Bxb5 35. Qxb5 Nd7 36. Bh3 Nf8 37. Rb3 Bb4+ 38. Kc2 Bc5 39. Rc6 Qa7 40. d6 a4 41. Rd3 1-0

[Event "Quebec op"]
[Site "Montreal CAN"]
[Date "1987.08.01"]
[Round "7"]
[White "Lesiege, Alexandre"]
[Black "Lagasse, Pascal"]
[Result "1-0"]
[WhiteElo "2069"]
[BlackElo "1935"]
[WhiteFideId "-1"]
[WhiteFideId "-1"]
[PlyCount "65"]
[GameId "2160767912583984"]
[EventDate "1987.07.26"]
[EventType "swiss"]
[EventRounds "8"]
[EventCountry "CAN"]
[SourceTitle "FQE 03"]

1. e4 c5 2. Nf3 d6 3. d4 cxd4 4. Nxd4 Nf6 5. Nc3 g6 6. Be3 Bg7 7. f3 O-O 8. Qd2 Nc6 9. Bc4 Bd7 10. O-O-O Ne5 11. Bb3 Rc8 12. h4 Nc4 13. Bxc4 Rxc4 14. h5 Nxh5 15. g4 Nf6 16. e5 Nxg4 17. fxg4 Bxg4 18. Rdg1 dxe5 19. Rxg4 h5 20. Qe2 Rxd4 21. Rgg1 e6 22. Bxd4 exd4 23. Ne4 Qd5 24. Kb1 Rd8 25. Rxh5 f5 26. Ng5 gxh5 27. Qxh5 d3 28. c4 Qd7 29. Qh7+ Kf8 30. Qg6 Re8 31. Nh7+ Ke7 32. Qxg7+ Kd8 33. Qxd7+ 1-0

[Event "Quebec op"]
[Site "Montreal CAN"]
[Date "1987.08.02"]
[Round "8"]
[White "Spraggett, Grant"]
[Black "Lesiege, Alexandre"]
[Result "1-0"]
[WhiteElo "2267"]
[BlackElo "2069"]
[WhiteFideId "-1"]
[WhiteFideId "-1"]
[PlyCount "145"]
[GameId "2160767912584014"]
[EventDate "1987.07.26"]
[EventType "swiss"]
[EventRounds "8"]
[EventCountry "CAN"]
[SourceTitle "FQE 03"]

1. c4 Nf6 2. Nc3 g6 3. e4 d6 4. d4 Bg7 5. Be2 O-O 6. Nf3 Nbd7 7. O-O e5 8. Qc2 exd4 9. Nxd4 Re8 10. Rd1 Nc5 11. f3 a5 12. Be3 Nfd7 13. Ndb5 Ne6 14. f4 Bh6 15. g3 b6 16. Bf3 Bb7 17. Qg2 Qe7 18. Bf2 Rac8 19. a3 Bg7 20. Nd5 Qf8 21. Nbc3 Bxd5 22. exd5 Nec5 23. Rac1 a4 24. Rc2 f5 25. Nb5 Re7 26. Na7 Ra8 27. Nc6 Ree8 28. Bd4 Kh8 29. Qf2 Nb3 30. Bc3 Bxc3 31. Rxc3 Ndc5 32. Rc2 Qf7 33. Kg2 Ne4 34. Qg1 Nec5 35. Qf1 h6 36. Qg1 Kh7 37. Rc3 Qd7 38. Kh1 Ne4 39. Rc2 Nf6 40. Re1 Rxe1 41. Qxe1 Re8 42. Re2 Rxe2 43. Qxe2 Qe8 44. Qxe8 Nxe8 45. Nb4 Nc5 46. Kg2 Nf6 47. Kf2 Kg7 48. Ke3 Kf7 49. Nc6 Ke8 50. Nd4 Kd7 51. h3 h5 52. Ne2 Ke7 53. Nc3 Kd8 54. Bd1 Nfe4 55. Nxe4 Nxe4 56. g4 hxg4 57. hxg4 Ng3 58. Bc2 fxg4 59. Bxg6 Nf1+ 60. Ke2 Nh2 61. Kf2 Ke7 62. Bd3 Nf3 63. Kg3 Kf6 64. Kxg4 Nd4 65. Kg3 c6 66. dxc6 Nxc6 67. Kf3 Ke6 68. Ke4 Na5 69. f5+ Kf6 70. Kd5 Ke7 71. Bc2 Kf6 72. Bxa4 Kxf5 73. b4 1-0

[Event "Quebec-ch reserve"]
[Site "Montreal CAN"]
[Date "1987.05.27"]
[Round "1"]
[White "Lesiege, Alexandre"]
[Black "Roy, Alain"]
[Result "0-1"]
[WhiteElo "2009"]
[BlackElo "2096"]
[WhiteFideId "-1"]
[WhiteFideId "-1"]
[PlyCount "92"]
[GameId "2160767912649725"]
[EventDate "1987.05.27"]
[EventType "tourn"]
[EventRounds "8"]
[EventCountry "CAN"]

1. e4 d6 2. d4 Nf6 3. Nc3 g6 4. Nf3 Bg7 5. Be2 O-O 6. O-O c6 7. h3 Nbd7 8. Be3 e5 9. dxe5 dxe5 10. Qd3 Re8 11. Rad1 Qc7 12. a4 Bf8 13. Qc4 Nb6 14. Bxb6 Qxb6 15. Ng5 Re7 16. Qa2 h6 17. Rd6 hxg5 18. Rxf6 Be6 19. Bc4 Kg7 20. Rf3 Rd8 21. Bxe6 Rxe6 22. Nd1 Rd4 23. a5 Qd8 24. Nc3 Bb4 25. a6 b6 26. Re3 Rf6 27. Re2 Rd2 28. Rxd2 Qxd2 29. Qb3 Bc5 30. Nd1 Qe2 31. Qg3 Qxe4 32. Qxg5 Qd4 33. c3 Qf4 34. Qxf4 Rxf4 35. b4 Be7 36. Ne3 b5 37. Rd1 Re4 38. Rd7 Bg5 39. Rxa7 Rxe3 40. Rc7 Rxc3 41. a7 Ra3 42. Rxc6 Rxa7 43. Rb6 Ra1+ 44. Kh2 Rb1 45. Rxb5 Bd2 46. g3 e4 0-1

[Event "Quebec-ch reserve"]
[Site "Montreal CAN"]
[Date "1987.05.28"]
[Round "2"]
[White "Ibrahim, Anthony"]
[Black "Lesiege, Alexandre"]
[Result "1-0"]
[WhiteElo "2166"]
[BlackElo "2009"]
[WhiteFideId "-1"]
[WhiteFideId "-1"]
[PlyCount "129"]
[GameId "2160767912649729"]
[EventDate "1987.05.27"]
[EventType "tourn"]
[EventRounds "8"]
[EventCountry "CAN"]

1. d4 Nf6 2. c4 g6 3. Nc3 Bg7 4. e4 d6 5. Be2 O-O 6. Bg5 c5 7. d5 a6 8. Qd2 Qa5 9. a4 b5 10. cxb5 axb5 11. Bxb5 Ba6 12. Bxa6 Nxa6 13. Nge2 Rfb8 14. O-O Qb4 15. Qd3 h6 16. Bd2 h5 17. f3 Qxb2 18. Rfb1 c4 19. Qe3 Qc2 20. Nd4 Qd3 21. Qxd3 cxd3 22. Nc6 Rxb1+ 23. Rxb1 Kf8 24. Kf2 Nd7 25. Ke3 Nac5 26. a5 Bh6+ 27. f4 Ne5 28. Kd4 Nxc6+ 29. dxc6 Rxa5 30. f5 Bxd2 31. c7 Ne6+ 32. fxe6 Bxc3+ 33. Kxd3 Rc5 34. Rb8+ Kg7 35. c8=Q Rxc8 36. Rxc8 Be5 37. exf7 Kxf7 38. h3 Kf6 39. Rf8+ Ke6 40. Kc4 Bf6 41. g3 h4 42. gxh4 Bxh4 43. Rg8 Kf7 44. Rb8 Ke6 45. Rb5 Bf6 46. Kd3 Be5 47. Ke2 Kf6 48. Rb7 g5 49. Kf3 Bc3 50. Kg4 Bd2 51. Rb5 Bc1 52. Rd5 Be3 53. Rf5+ Ke6 54. Kh5 Bc1 55. Kg6 Bd2 56. Kg7 Bc3+ 57. Kf8 Bf6 58. Kg8 Kd7 59. Kf7 Kc6 60. Rxf6 exf6 61. Kxf6 d5 62. exd5+ Kxd5 63. Kxg5 Ke6 64. Kg6 Ke7 65. Kg7 1-0

[Event "Quebec-ch reserve"]
[Site "Montreal CAN"]
[Date "1987.05.30"]
[Round "4"]
[White "Lesiege, Alexandre"]
[Black "Desforges, Jean"]
[Result "1-0"]
[WhiteElo "2009"]
[BlackElo "2045"]
[WhiteFideId "-1"]
[WhiteFideId "-1"]
[PlyCount "75"]
[GameId "2160767912649738"]
[EventDate "1987.05.27"]
[EventType "tourn"]
[EventRounds "8"]
[EventCountry "CAN"]

1. e4 e5 2. Nf3 Nc6 3. Bc4 Nf6 4. d3 Bc5 5. O-O d6 6. c3 Be6 7. Bxe6 fxe6 8. Nbd2 O-O 9. b4 Bb6 10. a4 a6 11. Nc4 Ba7 12. Qb3 Qd7 13. Ne3 Kh8 14. b5 Na5 15. Qb2 Bb6 16. Nc2 Nh5 17. Be3 Bxe3 18. fxe3 b6 19. c4 Nb7 20. bxa6 Nc5 21. Nb4 Nf6 22. Qa3 Rfb8 23. a5 h6 24. h3 Nxa6 25. axb6 Nxb4 26. Qxa8 Rxa8 27. Rxa8+ Kh7 28. b7 Nc6 29. Rfa1 Ng8 30. d4 exd4 31. exd4 Nge7 32. d5 exd5 33. cxd5 Nb8 34. Rxb8 c5 35. Rh8+ Kxh8 36. b8=Q+ Kh7 37. Ra8 c4 38. Nh4 1-0

[Event "Quebec-ch reserve"]
[Site "Montreal CAN"]
[Date "1987.05.31"]
[Round "5"]
[White "Wenaas, Eric"]
[Black "Lesiege, Alexandre"]
[Result "1/2-1/2"]
[WhiteElo "1766"]
[BlackElo "2009"]
[WhiteFideId "-1"]
[WhiteFideId "-1"]
[PlyCount "78"]
[GameId "2160767912649743"]
[EventDate "1987.05.27"]
[EventType "tourn"]
[EventRounds "8"]
[EventCountry "CAN"]

1. d4 Nf6 2. Bg5 Ne4 3. Bh4 d5 4. f3 Nd6 5. Nc3 c6 6. e4 dxe4 7. fxe4 g6 8. Nf3 Bg7 9. Qd2 O-O 10. O-O-O b5 11. Bd3 a5 12. Bg5 b4 13. Ne2 Ba6 14. Bh6 Nc4 15. Bxc4 Bxc4 16. Bxg7 Kxg7 17. h4 h5 18. b3 Bxe2 19. Qxe2 Nd7 20. Ng5 Nf6 21. Rhf1 Qb6 22. Qc4 e6 23. Rd3 Nh7 24. Nf3 Rad8 25. Ne5 Rd6 26. Qc5 Qc7 27. d5 Rxd5 28. Rxd5 exd5 29. Nxc6 dxe4 30. Qd4+ f6 31. Qxe4 Rf7 32. Re1 Nf8 33. Qe8 Qf4+ 34. Kb1 Qxh4 35. Re7 Rxe7 36. Qxe7+ Kg8 37. Nd8 Nh7 38. Qf7+ Kh8 39. Qxg6 Qe1+ 1/2-1/2

[Event "Quebec-ch reserve"]
[Site "Montreal CAN"]
[Date "1987.06.01"]
[Round "6"]
[White "Lesiege, Alexandre"]
[Black "Pineault, Denis"]
[Result "1-0"]
[WhiteElo "2009"]
[BlackElo "2101"]
[WhiteFideId "-1"]
[WhiteFideId "-1"]
[PlyCount "125"]
[GameId "2160767912649746"]
[EventDate "1987.05.27"]
[EventType "tourn"]
[EventRounds "8"]
[EventCountry "CAN"]

1. e4 c5 2. Nf3 Nc6 3. d4 cxd4 4. Nxd4 Nf6 5. Nc3 e5 6. Ndb5 d6 7. Bg5 a6 8. Na3 b5 9. Bxf6 gxf6 10. Nd5 Bg7 11. c3 f5 12. exf5 Bxf5 13. Nc2 O-O 14. Nce3 Bd7 15. g4 e4 16. Bg2 Re8 17. Qc2 Ne5 18. Bxe4 Bxg4 19. Nxg4 Nxg4 20. O-O-O Rxe4 21. Qxe4 Nxf2 22. Qg2 Nxh1 23. Rg1 Qf8 24. Qxh1 Kh8 25. Kb1 a5 26. Qf3 Ra7 27. Nf6 Qd8 28. Rxg7 Kxg7 29. Qg3+ Kf8 30. Qg8+ Ke7 31. Nd5+ Kd7 32. Qxf7+ Kc6 33. Qxa7 Kxd5 34. Qxh7 Qg5 35. a3 Qg1+ 36. Ka2 Qf1 37. Qg8+ Kc6 38. h4 Qd1 39. Qe8+ Kb6 40. Qd8+ Kc6 41. Qc8+ Kb6 42. Qe6 a4 43. Qe3+ Ka6 44. Qd4 Qb3+ 45. Ka1 Qe6 46. Qd1 Qf6 47. h5 Qe6 48. Qc1 Qh3 49. h6 Qh2 50. Qg5 Qh3 51. Qc1 d5 52. Qf4 Qh5 53. Ka2 Kb7 54. Qf6 Qd1 55. Qd4 Qh5 56. Qg7+ Kc6 57. h7 Qh4 58. Qg6+ Kc5 59. Qf7 Kb6 60. Qe6+ Ka5 61. Qxd5 Qxh7 62. c4 Qb7 63. Qxb7 1-0

[Event "Quebec-ch reserve"]
[Site "Montreal CAN"]
[Date "1987.06.02"]
[Round "7"]
[White "Saint-Pierre, Benoit"]
[Black "Lesiege, Alexandre"]
[Result "0-1"]
[WhiteElo "1995"]
[BlackElo "2009"]
[WhiteFideId "-1"]
[WhiteFideId "-1"]
[PlyCount "68"]
[GameId "2160767912649751"]
[EventDate "1987.05.27"]
[EventType "tourn"]
[EventRounds "8"]
[EventCountry "CAN"]

1. e4 c5 2. Nf3 d6 3. Bb5+ Nd7 4. O-O Ngf6 5. Re1 a6 6. Bxd7+ Nxd7 7. d4 e6 8. a4 Be7 9. Nc3 O-O 10. Be3 Qc7 11. a5 Rb8 12. dxc5 Nxc5 13. Bd4 b5 14. axb6 Rxb6 15. Na4 Nxa4 16. Rxa4 Rc6 17. Bc3 e5 18. Ba5 Qb7 19. b3 Be6 20. Qd3 Qb5 21. Qd1 Rxc2 22. Qxc2 Bxb3 23. Qc7 Qxa4 24. Qxe7 Qxa5 25. Qxd6 f6 26. Qc6 Qb5 27. Qd6 a5 28. Nd2 a4 29. Rb1 Rc8 30. h4 Kh8 31. h5 h6 32. Ra1 Qe2 33. Qd7 Rc2 34. Rxa4 Rc1+ 0-1

[Event "Quebec-ch reserve"]
[Site "Montreal CAN"]
[Date "1987.06.05"]
[Round "8"]
[White "Lesiege, Alexandre"]
[Black "Lacroix, Serge"]
[Result "1-0"]
[WhiteElo "2009"]
[BlackElo "1838"]
[WhiteFideId "-1"]
[WhiteFideId "-1"]
[PlyCount "91"]
[GameId "2160767912649754"]
[EventDate "1987.05.27"]
[EventType "tourn"]
[EventRounds "8"]
[EventCountry "CAN"]

1. e4 e5 2. Nf3 Nc6 3. Bc4 Bc5 4. O-O Nf6 5. d4 exd4 6. e5 d5 7. exf6 dxc4 8. Re1+ Be6 9. Ng5 Qd5 10. Nc3 Qf5 11. Nce4 Bb6 12. Nxf7 O-O 13. Nfg5 Rae8 14. fxg7 Kxg7 15. Kh1 Bd5 16. f3 h6 17. Nh3 Ne5 18. Nf4 Nxf3 19. gxf3 Rxe4 20. Rg1+ Kh7 21. Nxd5 Qxd5 22. Bxh6 Kxh6 23. fxe4 Qxe4+ 24. Rg2 Rf2 25. Qg4 Qxg4 26. Rxg4 d3 27. Rxc4 d2 28. Re4 Kg5 29. b4 Kf5 30. Re8 Kf4 31. c4 Bd4 32. Rd1 Be3 33. Rf8+ Ke4 34. Rxf2 Bxf2 35. Rxd2 Bd4 36. Rxd4+ Kxd4 37. h4 Kxc4 38. h5 Kxb4 39. h6 c5 40. h7 b5 41. h8=Q c4 42. Qb2+ Ka5 43. Qc3+ Kb6 44. a4 a6 45. axb5 axb5 46. Qb4 1-0

[Event "CAN-ch U16"]
[Site "Ottawa CAN"]
[Date "1987.03.17"]
[Round "3"]
[White "Gagnon, Serge"]
[Black "Lesiege, Alexandre"]
[Result "0-1"]
[WhiteElo "2003"]
[BlackElo "2032"]
[WhiteFideId "-1"]
[WhiteFideId "-1"]
[PlyCount "42"]
[GameId "2160767912650058"]
[EventDate "1987.03.15"]
[EventType "tourn"]
[EventRounds "9"]
[EventCountry "CAN"]
[SourceTitle "CFC 1987.07"]

1. d4 Nf6 2. c4 g6 3. Nc3 Bg7 4. e4 d6 5. f3 O-O 6. Be3 e5 7. d5 Nh5 8. Qd2 f5 9. Bd3 Nd7 10. Nge2 Nc5 11. O-O Nxd3 12. Qxd3 f4 13. Bf2 g5 14. Kh1 g4 15. fxg4 Bxg4 16. Ng1 Qf6 17. Nf3 Qh6 18. Rfc1 Rf6 19. c5 Ng3+ 20. Kg1 Bxf3 21. Qxf3 Qxh2+ 0-1

[Event "Ste-Therese op"]
[Site "Ste-Therese CAN"]
[Date "1987.??.??"]
[Round "?"]
[White "Duong, Thanh Nha"]
[Black "Lesiege, Alexandre"]
[Result "1-0"]
[WhiteElo "2045"]
[BlackElo "2150"]
[WhiteFideId "-1"]
[WhiteFideId "-1"]
[PlyCount "117"]
[GameId "2160767912650066"]
[EventDate "1987.03.14"]
[EventType "swiss"]
[EventRounds "4"]
[EventCountry "CAN"]
[SourceTitle "Echec+ 1997.11"]

1. d4 Nf6 2. c4 g6 3. Nc3 Bg7 4. e4 d6 5. Nge2 O-O 6. Ng3 Nc6 7. d5 Nb8 8. Be2 e6 9. h4 exd5 10. cxd5 Nbd7 11. h5 Nc5 12. hxg6 fxg6 13. Be3 Qe7 14. Qc2 Bd7 15. O-O-O Rae8 16. Bxc5 dxc5 17. Qb3 Qd6 18. Kb1 Bg4 19. Rhe1 a6 20. a4 b6 21. Qc4 Bxe2 22. Rxe2 Ng4 23. e5 Nxe5 24. Qh4 Bf6 25. Qh3 Qd7 26. Qxd7 Nxd7 27. Rde1 Bxc3 28. bxc3 Rxe2 29. Rxe2 Nf6 30. c4 Kf7 31. Re6 a5 32. Rc6 Ne8 33. Ne4 Ke7 34. Kc2 Nd6 35. Kd3 Nxe4 36. Kxe4 Kd7 37. f4 Rf7 38. Ke5 Re7+ 39. Re6 Rf7 40. g4 Rf8 41. f5 gxf5 42. gxf5 Re8 43. Kf6 Rf8+ 44. Kg5 Rg8+ 45. Kh6 Rf8 46. f6 Rf7 47. Kg5 Kd8 48. Kf5 Kd7 49. Re4 Kd8 50. Ke6 Ke8 51. Rg4 Kf8 52. Rg3 h5 53. Kf5 h4 54. Re3 b5 55. axb5 a4 56. Kg6 Rd7 57. Ra3 Kg8 58. Rh3 c6 59. f7+ 1-0